000 00983cam a2200277 i 4500
001 34997
003 BD-RjUL
005 20211209052237.0
008 140520s1973 enkabef b 001 0 eng d
020 _a0719005345 :
035 _a(BD-RjUL) 35091
040 _aDLC
_cDLC
_dBD-RjUL
_beng
041 _aeng
082 0 0 _a301.417633096761
_bELS 1973
100 1 _aEilam, Yitzchak.
_9106570
245 1 4 _aThe social and sexual roles of Hima women :
_ba study of nomadic cattle breeders in Nyabushozi county, Ankole, Uganda /
_c[by] Yitzchak Elam.
260 _aManchester :
_bManchester University Press,
_c1973.
300 _axv, 243 p., [8] p. of plates :
_bill., map, 2 plans ;
_c23 cm.
500 _aDistributed in the U.S.A. by Humanities Press Inc., New York.
504 _aIncludes index and Bibliography: p. 234-236.
650 0 _aHima (African people)
_9106571
650 0 _aWomen, Hima.
_9106572
942 _2ddc
_cBK
999 _c34997
_d34997